| 000 | 00411nam a22001697a 4500 | ||
|---|---|---|---|
| 005 | 20160616120037.0 | ||
| 008 | 160616b xxu||||| |||| 00| 0 eng d | ||
| 020 | _a81-259-0939-1 | ||
| 041 | _aeng | ||
| 082 | _b7957 | ||
| 100 |
_aKapoor D.C. _91616 |
||
| 245 | _aExport Management | ||
| 260 |
_aNew Delhi _bVikas Publishing House (P) Ltd. _c2005 |
||
| 300 | _a525 | ||
| 650 |
_aManagement _9241 |
||
| 942 | _cBK | ||
| 999 |
_c2926 _d2925 |
||